Language Quiz

Random Language or College Quiz

Non-English Languages studied by US College Students Quiz Stats

Quiz not verified by Sporcle

Challenge
Share
Tweet
https://pbs.twimg.com/profile_images/1217770672/hola_como_estas_twitter_400x400.jpg
Score 0/14 Timer 04:00
0 Plays Today
% of students who study it Language % Correct
50%Spanish
100%
12%French
100%
3.9%Chinese
98%
5%German
96.1%
1.4%Russian
96.1%
4%Italian
96.1%
2.1%Arabic
92.2%
% of students who study it Language % Correct
Less than 1%Ancient Greek
92.2%
Less than 1%Portuguese
92.2%
1.7%Latin
88.2%
Less than 1%Korean
82.4%
Less than 1%Ancient Hebrew
70.6%
Less than 1%Modern Hebrew
70.6%
7%American Sign Language
45.1%

You're not logged in!

Compare scores with friends on all Sporcle quizzes.
Sign Up with Email
OR
Log In

You Might Also Like...

Show Comments

Extras

Top Quizzes Today


Score Distribution

Your Account Isn't Verified!

In order to create a playlist on Sporcle, you need to verify the email address you used during registration. Go to your Sporcle Settings to finish the process.